header

Brief counselling in schools (Record no. 129978)

MARC details
000 -LEADER
fixed length control field 01220nam a2200313 a 4500
100 1# - MAIN ENTRY--AUTHOR NAME
Personal name Lines, Dennis.
245 10 - TITLE STATEMENT
Title Brief counselling in schools
250 ## - EDITION STATEMENT
Edition statement 2nd ed.
260 ## - PUBLICATION, DISTRIBUTION, ETC. (IMPRINT)
Place of publication Thousand Oaks, CA :
Name of publisher Sage Publications,
Year of publication 2006.
300 ## - PHYSICAL DESCRIPTION
Number of Pages 217 p.
650 #0 - SUBJECT ADDED ENTRY--TOPICAL TERM
Topical Term Counseling in secondary education.
Topical Term Brief psychotherapy for teenagers.
856 40 - ELECTRONIC LOCATION AND ACCESS
Uniform Resource Identifier http://site.ebrary.com/lib/rucke/Doc?id=10218242

No items available.

© 2026 Rongo University
Contact us: librarian | system librarian | Rongo university